01579nam a2200313 i 4500001001000000003000900010005001700019007000300036008004100039040003000080049000900110082001400119245022000133264005400353300004400407336002700451337003300478338002800511700003400539700004000573700004700613700004600660942001300706952013100719952013900850952012700989952013201116999001701248000017513DO-SdBNP20240408151709.0ta100326s19uu dr a 000 0 spa d aDO-SdBNPbspacBNPHUerda aBNPD 4bM294d22200aManual del laboratorio de física básica /cClemencio Cuello Ramírez, Rafael Modesto Ogando, Ramón Anibal Roa Castillo, Pericles de Jesús Romero Gómez, Rafaela Vicente Núñez, Altagracia Suarez Peralta aSanto Domingo :beditora no identificada,c19--?. a55 páginas :bilustraciones ;c27 cm. 2rdacontentatextobtxt 2rdamediaasin mediaciónbn 2rdacarrieravolumenbnc1 aOgando, Rafael Modesto9382461 aRoa Castillo, Ramón Anibal9382471 aRomero Gómez, Pericles de Jesús9382481 aSuarez Peralta, Rafaela Altagracia938249 2ddccLF2 00102ddc56708DSaBNPHUbBNPHUcMId2011-04-11l0oBNPHU DS M294dp17513-30r2020-06-25te.3w2020-06-25yLF2ZNo se presta 00102ddc56708DSaBNPHUbBNPHUcMId2011-04-11l0oBNPHU DS M294dp17513-40r2020-06-25te. 4w2020-06-25yLF2ZPréstamo en sala 00102ddc51708PDaBNPHUbBNPHUcCTd2010-03-26l0oBNPHU PD M294dp17513-10r2020-06-25w2020-06-25yLBS1ZNo se presta 00102ddc51708PDaBNPHUbBNPHUcCTd2010-03-26l0oBNPHU PD M294dp17513-20r2020-06-25te. 2w2020-06-25yLF2ZNo se presta c17038d17038